[Event "WJun Girls"]
[Site "Instanbul TUR"]
[Date "2005.11.16"]
[Round "7"]
[White "Dudas,E"]
[Black "Topel,Z"]
[Result "0-1"]
[WhiteElo "2010"]
[BlackElo "2105"]

1.e4 c5 2.c3 Nf6 3.e5 Nd5 4.d4 cxd4 5.Nf3 e6 6.cxd4 Nc6 7.Nc3 Nxc3 8.bxc3 d6
9.Bf4 Be7 10.Bd3 d5 11.Bc2 Na5 12.Qd3 Bd7 13.O-O Rc8 14.Rfc1 Ba3 15.Rcb1 Qc7
16.Bd2 Nc4 17.Rb3 Be7 18.a4 a6 19.Be1 b5 20.axb5 Bxb5 21.Qd1 Rb8 22.Nd2 Nxd2
23.Qxd2 O-O 24.Bd3 Bc4 25.Rxb8 Rxb8 26.Bxc4 Qxc4 27.Qa2 Qxa2 28.Rxa2 Rb6
29.Ra4 Kf8 30.Kf1 Ke8 31.Ke2 Kd7 32.Kd3 Rc6 33.Bd2 Bd8 34.Bc1 a5 35.Ba3 Bb6
36.Bd6 Kc8 37.g4 Kb7 38.f4 Ka6 39.f5 Kb5 40.Ra2 Rc4 41.Rb2+ Kc6 42.fxe6 fxe6
43.Rf2 a4 44.Rf8 Kb7 45.Re8 Ba5 46.Rxe6 Rxc3+ 47.Ke2 a3 48.Re7+ Kc6 49.Ra7 Kb6
50.Rf7 a2 51.Rf1 Rc2+ 52.Kd3 Rd2+ 53.Ke3 Rb2 54.Ra1 Kc6 55.Kd3 Rd2+ 56.Ke3 Rb2
57.Kd3 Kd7 58.Bf8 Rd2+ 59.Ke3 Rxh2 60.Kd3 g6 61.Bg7 Ke6 62.Rc1 Rh3+ 63.Kc2 Rc3+  0-1

[Event "ch-CRO"]
[Site "Vukovar CRO"]
[Date "2005.11.16"]
[Round "10"]
[White "Stevic,H"]
[Black "Hulak,K"]
[Result "1/2-1/2"]
[WhiteElo "2514"]
[BlackElo "2507"]

1.e4 c5 2.c3 Nf6 3.e5 Nd5 4.d4 cxd4 5.Nf3 Nc6 6.cxd4 d6 7.Bc4 e6 8.O-O Be7
9.Qe2 O-O 10.Rd1 Bd7 11.Bd2 Qb6 12.Nc3 Nxc3 13.Bxc3 dxe5 14.dxe5 Rfd8 15.h4 Be8
16.a3 Na5  1/2-1/2

[Event "WJun Girls"]
[Site "Instanbul TUR"]
[Date "2005.11.17"]
[Round "8"]
[White "Ursic,Sim"]
[Black "Bulmaga,I"]
[Result "1/2-1/2"]
[WhiteElo "2040"]
[BlackElo "2122"]

1.e4 c5 2.c3 Nf6 3.e5 Nd5 4.d4 cxd4 5.Nf3 e6 6.cxd4 d6 7.Nc3 Nxc3 8.bxc3 d5
9.Bd3 Be7 10.O-O Bd7 11.Re1 O-O 12.a4 Nc6 13.Bc2 Re8 14.Qd3 g6 15.Bh6 Na5
16.Qe3 Nc4 17.Qf4 Qc7 18.h4 f5 19.h5 Kf7 20.Nh4 Qd8 21.hxg6+ hxg6 22.Nf3 Rh8
23.g3 Qa5 24.Kg2 Qxc3 25.Bg5 Rh5 26.g4 Rxg5 27.Nxg5+ Bxg5 28.Qxg5 Qxc2 29.Qf6+ Kg8
30.Rh1 Ne3+ 31.Kg1 Qxf2+ 32.Kxf2 Nxg4+ 33.Kf3 Nxf6 34.exf6 Rf8 35.Rab1 Bc6
36.Kf4 Rxf6 37.Ke5 Rf8 38.Rh6 g5 39.Kxe6 g4 40.Rbh1 Kg7 41.R1h5 f4 42.Rh7+ Kg6
43.R7h6+ Kg7 44.Rh7+  1/2-1/2

[Event "Baden Challenge"]
[Site "Pforzheim GER"]
[Date "2005.11.17"]
[Round "1"]
[White "Mader,Ma"]
[Black "Dinger,F"]
[Result "1-0"]
[WhiteElo "2043"]
[BlackElo "2209"]

1.e4 c5 2.c3 Nf6 3.e5 Nd5 4.Nf3 Nc6 5.Bc4 Nb6 6.Bb3 c4 7.Bc2 Qc7 8.Qe2 g5
9.h3 Bg7 10.O-O h5 11.Nxg5 Qxe5 12.Qxe5 Nxe5 13.Na3 a6 14.f4 Nc6 15.b3 Nd4
16.Bd1 d5 17.bxc4 Nxc4 18.Nxc4 dxc4 19.Rb1 Nf5 20.Re1 Bh6 21.Ba3 Kf8 22.Bc2 b5
23.Re2 Nd6 24.Rbe1 Bxg5 25.fxg5 Be6 26.g6 Rh6 27.Bc5 Re8 28.Be3 Rh8 29.g7+ Kxg7
30.Bd4+ Kh6 31.Rxe6+ Kg5 32.Be3+ Kh4 33.Bf2+ Kg5 34.Rg6+ Kf4 35.Bg3+  1-0

[Event "WJun Girls"]
[Site "Instanbul TUR"]
[Date "2005.11.18"]
[Round "9"]
[White "Ursic,Sim"]
[Black "Topel,Z"]
[Result "1/2-1/2"]
[WhiteElo "2040"]
[BlackElo "2105"]

1.e4 c5 2.c3 Nf6 3.e5 Nd5 4.d4 cxd4 5.Nf3 e6 6.cxd4 Nc6 7.Bc4 Nb6 8.Bb3 d6
9.O-O Be7 10.Nc3 a6 11.Qe2 O-O 12.a3 Nd7 13.Bf4 d5 14.Bc2 Re8 15.Qd3 Nf8
16.Ne2 Bd7 17.Qe3 Na5 18.b3 Bb5 19.Rfc1 Bxe2 20.Qxe2 Qb6 21.Qe3 Rec8 22.Bg5 Qd8
23.h4 Rc6 24.Bd1 Rac8 25.Rxc6 Rxc6 26.Rc1 Bxg5 27.Nxg5 h6 28.Nf3 Qc7 29.Rxc6 Qxc6
30.Qd2 Qc7 31.Bc2 Nc6 32.Qc3 Qb6 33.g3 Na7 34.Bd3 Nc6 35.Kg2 Nd7  1/2-1/2

[Event "2nd Bundesliga Ost 2005-6"]
[Site "Austria AUT"]
[Date "2005.11.20"]
[Round "4"]
[White "Kuthan,A"]
[Black "Bukacek,E"]
[Result "1/2-1/2"]
[WhiteElo "2220"]
[BlackElo "2259"]

1.e4 c5 2.c3 Nf6 3.e5 Nd5 4.d4 cxd4 5.Nf3 Nc6 6.Bc4 Nb6 7.Bb3 d5 8.exd6 Qxd6
9.O-O dxc3 10.Nxc3 Qxd1 11.Rxd1 Bg4 12.Nb5 Rc8 13.Be3 Bxf3 14.gxf3 e6 15.Nxa7 Nxa7
16.Bxb6 Nc6 17.Rd3 Be7 18.Rad1 O-O 19.Rd7 Bf6 20.Rxb7 Bxb2 21.Kg2 Ba3  1/2-1/2

[Event "WJun Girls"]
[Site "Instanbul TUR"]
[Date "2005.11.22"]
[Round "13"]
[White "Paridar,S"]
[Black "Topel,Z"]
[Result "1-0"]
[WhiteElo "2237"]
[BlackElo "2105"]

1.e4 c5 2.c3 Nf6 3.e5 Nd5 4.d4 cxd4 5.Nf3 Nc6 6.cxd4 e6 7.Bd3 Be7 8.O-O a6
9.Nc3 Nxc3 10.bxc3 d5 11.exd6 Bxd6 12.Re1 Ne7 13.Ng5 Nd5 14.Qh5 g6 15.Qf3 Nf6
16.c4 O-O 17.Bb2 Be7 18.d5 Nh5 19.Nxh7 Re8 20.dxe6 Bxe6 21.Rxe6 Ng7 22.Bxg6 fxg6
23.Rxg6 Bf8 24.Nxf8  1-0

[Event "18th Belgrade Trophy"]
[Site "Obrenovac SCG"]
[Date "2005.11.24"]
[Round "3"]
[White "Kovacevic,R"]
[Black "Stosic,S"]
[Result "0-1"]
[WhiteElo "2059"]
[BlackElo "2196"]

1.e4 c5 2.c3 Nf6 3.e5 Nd5 4.Nf3 e6 5.Bc4 Nb6 6.Bb3 d6 7.d4 dxe5 8.dxe5 Qxd1+
9.Bxd1 Nc6 10.Nbd2 Bd7 11.O-O Be7 12.Re1 O-O 13.Rb1 Rfd8 14.Ne4 Nc4 15.Bf4 b5
16.Be2 N6a5 17.b3 Na3 18.Rbd1 Bc6 19.Ng3 b4 20.c4 Nb7 21.Bd3 a5 22.Bc1 a4
23.Bxa3 axb3 24.Bb2 Rxa2 25.Bc1 b2 26.Bg5 Bxf3 27.gxf3 Bxg5 28.Be4 Rxd1 29.Rxd1 Ra1
30.Rb1 Na5 31.Ne2 Nxc4 32.Kg2 Rxb1  0-1

[Event "18th Belgrade Trophy"]
[Site "Obrenovac SCG"]
[Date "2005.11.24"]
[Round "3"]
[White "Tarifa,A"]
[Black "Rakic,Ma"]
[Result "1-0"]
[WhiteElo "2155"]
[BlackElo "2074"]

1.e4 c5 2.c3 Nf6 3.e5 Nd5 4.d4 cxd4 5.Nf3 e6 6.cxd4 b6 7.Bg5 Be7 8.h4 O-O
9.Bd3 h6 10.Qe2 Nb4 11.Nc3 Nxd3+ 12.Qxd3 Bb7 13.Bf4 Na6 14.a3 Nc7 15.Ne4 Bxe4
16.Qxe4 Nd5 17.Bd2 f5 18.exf6 Nxf6 19.Qd3 Ng4 20.Qg6 h5 21.Qxh5 Nf6 22.Qg6 Qe8
23.Qd3 Qh5 24.Bg5 Rae8 25.Bxf6 Bxf6 26.O-O-O Rc8+ 27.Kb1 Rc7 28.Qe4 Qb5 29.Rc1 Rfc8
30.Rxc7 Rxc7 31.h5 Bg5 32.Qg6 Bh6 33.Ne5 Rc3 34.Qe8+ Kh7 35.Qg6+ Kg8 36.g4 Rb3
37.Qc2 d6 38.Nc4 Bf4 39.h6 gxh6 40.Rh5 Bg5 41.f4 d5 42.Ne5  1-0

[Event "TCh-NED 2005-6"]
[Site "Netherlands NED"]
[Date "2005.11.26"]
[Round "4"]
[White "Lemmers,O"]
[Black "Middelburg,T"]
[Result "1/2-1/2"]
[WhiteElo "2425"]
[BlackElo "2416"]

1.e4 c5 2.c3 Nf6 3.e5 Nd5 4.Bc4 Nb6 5.Bb3 c4 6.Bc2 Nc6 7.Nf3 d6 8.exd6 Bg4
9.Qe2 e6 10.Na3 Bxf3 11.Qxf3 Bxd6 12.b3 cxb3 13.axb3 Rc8 14.O-O a6 15.d4 O-O
16.Nc4 Re8 17.Nxd6 Qxd6 18.Bf4 Qe7 19.Be4 Qf6 20.Qg3 h6 21.Bxc6 Rxc6 22.c4 Rd8
23.Rad1 Nc8 24.Rfe1 Ne7 25.Bc7 Rd7 26.Be5 Qg5 27.Qf3 Qf5 28.Qe2 Ng6 29.Bg3 Rc8
30.Rd2 Rcd8 31.Red1 Ne7 32.f3 Qf6 33.Qe4 Nf5 34.Bf2 Nd6 35.Qe5 Qf5 36.Qxf5 Nxf5
37.d5 exd5 38.Bb6 Re8 39.Rxd5 Rxd5 40.cxd5 Re7 41.d6 Rd7 42.Bc5 f6 43.g4 Nh4
44.Kf2 Ng6 45.Ke3 Ne5 46.h3 Kf7 47.f4  1/2-1/2

[Event "18th Belgrade Trophy"]
[Site "Obrenovac SCG"]
[Date "2005.11.26"]
[Round "5"]
[White "Rosandic,M"]
[Black "Mirkovic,P"]
[Result "0-1"]
[WhiteElo "1874"]
[BlackElo "2147"]

1.e4 c5 2.c3 Nf6 3.e5 Nd5 4.Nf3 Nc6 5.Bc4 Nb6 6.Bb3 e6 7.O-O d6 8.exd6 Bxd6
9.d4 cxd4 10.cxd4 O-O 11.Nc3 h6 12.Ne4 Be7 13.Be3 Nd5 14.Bd2 b6 15.a3 Ba6
16.Re1 Rc8 17.Bc2 Nf6 18.Be3 Qd5 19.Nc3 Qd6 20.Qd2 Rfd8 21.Rad1 Bf8 22.b4 Ne7
23.Bf4 Qc6 24.Re3 Ng4 25.Ne5 Nxe5 26.Bxe5 Nf5 27.Bxf5 exf5 28.Rg3 g6 29.d5 Qc4
30.d6 Bxd6 31.Bxd6 Rc6 32.Rd3 Qxd3 33.Qe1 Qxc3 34.Qe7 Rcxd6 35.Qxd8+ Rxd8
36.Rxd8+ Kg7 37.h3 Qxa3  0-1

[Event "18th Belgrade Trophy"]
[Site "Obrenovac SCG"]
[Date "2005.11.26"]
[Round "5"]
[White "Vujic,M"]
[Black "Stefanovic,M"]
[Result "1-0"]
[WhiteElo "2236"]
[BlackElo "2086"]

1.e4 c5 2.c3 Nf6 3.e5 Nd5 4.d4 cxd4 5.Nf3 Nc6 6.Bc4 Nb6 7.Bb3 d6 8.exd6 Qxd6
9.O-O Be6 10.Bxe6 Qxe6 11.Nxd4 Qd7 12.Nb5 Rd8 13.Bf4 e5 14.Qe2 f6 15.Be3 Nc8
16.c4 a6 17.N5c3 Qd3 18.Qg4 f5 19.Qh3 Nd4 20.Nd2 f4 21.Bxd4 Qxh3 22.gxh3 Rxd4
23.Nf3 Rxc4 24.Nxe5 Rc5 25.Rfe1 Be7 26.Rad1 O-O 27.Nd5 Bh4 28.Rd2 Re8 29.b4 Rc4
30.Kf1  1-0

[Event "TCh-HUN 2005-6"]
[Site "Hungary HUN"]
[Date "2005.11.27"]
[Round "4"]
[White "Vajda,S"]
[Black "Csiszar,C"]
[Result "0-1"]
[WhiteElo "2396"]
[BlackElo "2435"]

1.e4 c5 2.c3 Nf6 3.e5 Nd5 4.d4 cxd4 5.Nf3 e6 6.cxd4 d6 7.Bc4 Nb6 8.Bd3 Bd7
9.O-O Bc6 10.Nc3 N8d7 11.Ne4 dxe5 12.Nxe5 Nxe5 13.dxe5 Qd5 14.Bc2 Qxe5 15.Re1 Rd8
16.Bd2 Nc4 17.Qg4 Nxd2 18.Ng5 h5 19.Qh4 Rd4 20.Nxf7 Kxf7 21.Qh3 Qf6 22.Rad1 Bd6  0-1

[Event "18th Belgrade Trophy"]
[Site "Obrenovac SCG"]
[Date "2005.11.29"]
[Round "8"]
[White "Vujic,M"]
[Black "Kozhuharov,S"]
[Result "1-0"]
[WhiteElo "2236"]
[BlackElo "2419"]

1.e4 c5 2.c3 Nf6 3.e5 Nd5 4.d4 cxd4 5.Nf3 e6 6.cxd4 d6 7.Bc4 Nb6 8.Bb3 dxe5
9.Nxe5 Nc6 10.Nxc6 bxc6 11.O-O Bd6 12.Nc3 O-O 13.Qh5 Ba6 14.Rd1 Bc4 15.Bxc4 Nxc4
16.Rd3 g6 17.Qh6 f5 18.b3 Nb6 19.Bg5 Qd7 20.Re1 Bb4 21.Bf4 c5 22.Be5 c4 23.Rg3 Qf7
24.h4 Rfd8 25.h5 Bf8 26.Qg5 Nd7 27.hxg6 hxg6 28.d5 exd5 29.Nxd5 Re8 30.f4 cxb3
31.axb3 Bg7 32.Qxg6 Qxg6 33.Rxg6 Nxe5 34.fxe5 Kf7 35.Rg5 Rad8 36.Nf4 Rd2
37.Rxf5+ Kg8 38.Nh5 Kh7 39.Rf7 Kg6 40.Rxg7+ Kxh5 41.Re3  1-0

[Event "It"]
[Site "Tuzla BIH"]
[Date "2005.11.29"]
[Round "5"]
[White "Avdic,A"]
[Black "Majeric,Z"]
[Result "1-0"]
[WhiteElo "2280"]
[BlackElo "2345"]

1.e4 c5 2.c3 Nf6 3.e5 Nd5 4.d4 cxd4 5.Nf3 e6 6.cxd4 d6 7.a3 Be7 8.Bd3 Nd7
9.O-O dxe5 10.dxe5 b6 11.Nbd2 Nc5 12.Ne4 Nxe4 13.Qa4+ Bd7 14.Qxe4 Bc6 15.Nd4 Bb7
16.Qg4 Kf8 17.Qf3 Kg8 18.Be4 h5 19.Re1 Qd7 20.Ne2 Rd8 21.Bd2 g6 22.Rad1 Qc7
23.Nd4 Qd7 24.Qg3 Kg7 25.Nf3 b5 26.Ng5 Nb6 27.Qf3 Bxg5 28.Bxg5 Bxe4 29.Rxd7 Rxd7
30.Qxe4 Rc8 31.Qe2  1-0

[Event "TCh-CZE Extraliga 2005-6"]
[Site "Czech Rep CZE"]
[Date "2005.12.03"]
[Round "5"]
[White "Salai,L"]
[Black "Vesselovsky,S"]
[Result "1/2-1/2"]
[WhiteElo "2373"]
[BlackElo "2409"]

1.e4 c5 2.c3 Nf6 3.e5 Nd5 4.d4 cxd4 5.Nf3 d6 6.cxd4 Nc6 7.Bc4 Nb6 8.Bb5 dxe5
9.Nxe5 Bd7 10.Bxc6 Bxc6 11.Nxc6 bxc6 12.O-O g6 13.Re1 Bg7 14.Bg5 O-O 15.Nc3 Re8
16.Qf3 Nd5 17.Rad1 Rb8 18.Nxd5 Qxd5 19.Qxd5 cxd5 20.Bxe7 Rxb2 21.Bc5 Rxe1+
22.Rxe1 Bf8 23.Bxa7 Rxa2  1/2-1/2

[Event "TCh-HUN 2005-6"]
[Site "Hungary HUN"]
[Date "2005.12.04"]
[Round "5"]
[White "Kun,G"]
[Black "Danner,G"]
[Result "1-0"]
[WhiteElo "2307"]
[BlackElo "2408"]

1.e4 c5 2.c3 Nf6 3.e5 Nd5 4.d4 d6 5.c4 Nb4 6.a3 Qa5 7.Nc3 cxd4 8.axb4 Qxa1
9.Nd5 Na6 10.exd6 e6 11.c5 exd5 12.Bb5+ Bd7 13.Bxd7+ Kxd7 14.Qg4+ f5 15.Qxf5+ Kc6
16.Ne2 Re8 17.O-O Rxe2 18.Qc8+ Kb5 19.Qxb7+ Kc4 20.b3+ Kxb3 21.Qxd5+ Ka4
22.Qc6+ Kb3 23.Qf3+ Qc3 24.Qxe2 d3 25.Qe3 Kc2 26.Qf3 d2 27.Qd1+ Kd3 28.Bxd2 Qxd2
29.Qb3+ Ke4 30.Rd1 Qxd1+ 31.Qxd1 Nxb4 32.Qe1+ Kd5 33.Qxb4 Bxd6 34.cxd6 Rd8
35.Qa5+  1-0

[Event "IX Mirko Srajber mem"]
[Site "Subotica SCG"]
[Date "2005.12.04"]
[Round "4"]
[White "Pap,M"]
[Black "Lupulescu,C"]
[Result "0-1"]
[WhiteElo "2399"]
[BlackElo "2528"]

1.e4 c5 2.c3 Nf6 3.e5 Nd5 4.d4 cxd4 5.Nf3 e6 6.cxd4 d6 7.Nc3 Nxc3 8.bxc3 Nd7
9.Bd3 dxe5 10.Nxe5 Nxe5 11.dxe5 Bd7 12.Be4 Qc7 13.O-O Bc6 14.Qf3 Bxe4 15.Qxe4 Bc5
16.Rd1 O-O 17.Bg5 h6 18.Bf6 gxf6 19.exf6 Rfd8 20.Qg4+ Kf8 21.Qg7+ Ke8 22.Re1 Qc6
23.Qxh6 Rd3 24.Rad1 Rad8 25.Rxd3 Rxd3 26.h4 Qd5 27.Qf4 Kd7 28.Qa4+ Qc6 29.Qc2 Rg3
30.Re4 Rxc3 31.Qd2+ Bd6 32.Re1 Rc2 33.Qd3 Rc1 34.Rd1 Rxd1+ 35.Qxd1 Qc3 36.g3 Qxf6
37.Qa4+ Kc7 38.Qxa7 Qc3 39.Qa4 f5 40.Qd1 Bc5 41.Kg2 Qb2 42.Qe1 Qxa2 43.h5 Qd5+
44.f3 Bd4 45.Qc1+ Kd6 46.h6 Qa2+ 47.Kh3 Qa1 48.Qf4+ e5 49.Qxf5 Qh1+ 50.Kg4 Qxh6
51.Qb1 Kc7 52.Qe4 Qc6 53.Qd3 Qd7+ 54.Kh4 Bc5 55.Qc2 Qd4+ 56.Kg5 b5 57.f4 e4
58.f5 e3 59.f6 Kb6 60.Qf5 Qd6 61.g4 e2 62.Qe4 Qd2+  0-1

[Event "FSGMB December"]
[Site "Budapest HUN"]
[Date "2005.12.06"]
[Round "4"]
[White "Schroll,G"]
[Black "Ilincic,Z"]
[Result "0-1"]
[WhiteElo "2362"]
[BlackElo "2540"]

1.e4 c5 2.c3 Nf6 3.e5 Nd5 4.Nf3 Nc6 5.Bc4 Nb6 6.Bb3 c4 7.Bc2 h6 8.b3 g5 9.Qe2 Qc7
10.bxc4 g4 11.Nh4 Qxe5 12.Qxe5 Nxe5 13.c5 Nbc4 14.d3 Na5 15.Nf5 d5 16.Ne3 Be6
17.Nd2 b6 18.d4 Nd7 19.c4 Nf6 20.cxd5 Nxd5 21.Nb3 Nc6 22.Be4 O-O-O 23.cxb6 axb6
24.O-O h5 25.Bd2 Bh6 26.Rfc1 Kc7 27.Rc2 Bxe3 28.fxe3 f5 29.Bd3 Kd6 30.Rb2 Ra8
31.a4 Ra7 32.Bb5 Bd7 33.Nc1 Rha8 34.Ne2 Nb8 35.Nc3 e6 36.Nxd5 Kxd5 37.g3 Bxb5
38.Rxb5+ Ke4 39.a5 bxa5 40.Kf2 Kd3 41.Be1 Nd7 42.Rbxa5 Rxa5 43.Rxa5 Rxa5
44.Bxa5 Nf6  0-1

[Event "It"]
[Site "Dnepropetrovsk UKR"]
[Date "2005.12.10"]
[Round "4"]
[White "Kalygin,S"]
[Black "Matjushin,G"]
[Result "1/2-1/2"]
[WhiteElo "2400"]
[BlackElo "2425"]

1.e4 c5 2.c3 Nf6 3.e5 Nd5 4.d4 cxd4 5.Nf3 Nc6 6.Bc4 Nb6 7.Bb3 d5 8.exd6 Qxd6
9.O-O Be6 10.Na3 Bxb3 11.Qxb3 e6 12.Nb5 Qb8 13.Nfxd4 Be7 14.Nxc6 bxc6 15.Na3 O-O
16.Nc4 Nxc4 17.Qxc4 Qb5 18.Qxb5 cxb5 19.Be3 Rfc8 20.Rfd1 Rc7 21.Kf1 Kf8  1/2-1/2

[Event "FSGMB December"]
[Site "Budapest HUN"]
[Date "2005.12.12"]
[Round "10"]
[White "Vajda,L"]
[Black "Zlatic,M"]
[Result "1/2-1/2"]
[WhiteElo "2547"]
[BlackElo "2417"]

1.e4 c5 2.c3 Nf6 3.e5 Nd5 4.d4 cxd4 5.Nf3 Nc6 6.cxd4 d6 7.Bc4 Nb6 8.Bb5 dxe5
9.Nxe5 Bd7 10.Nxd7 Qxd7 11.Nc3 Rd8 12.O-O e6 13.Be3 a6 14.Bxc6 Qxc6 15.Rc1 Be7
16.Qg4 g6 17.Bh6 f5 18.Qh3 Kf7 19.Bf4 Qd7 20.Rfd1 Nd5 21.Nxd5 Qxd5 22.Be5 Bf6
23.Bxf6 Kxf6 24.Qh4+ Kf7 25.Rc7+ Rd7 26.Rdc1 Kg7 27.R1c5 Qd6 28.Qg3 f4 29.Rxd7+ Qxd7
30.Qc3 Kh6 31.Rc7 Qd6 32.Rxb7 e5 33.Qh3+ Kg5 34.g3 Qxd4 35.Qh4+ Kf5 36.Rf7+ Ke4
37.Qg4 Rd8 38.Qe2+ Kd5 39.Rf6 Rd6 40.Rxd6+ Kxd6 41.Qxa6+ Ke7 42.Qb7+ Kf6
43.Qc6+ Kf5 44.Qc2+ Kg4 45.gxf4 exf4 46.h3+ Kh4 47.Qc3 Qd1+ 48.Kg2 h5 49.b4 Qd5+
50.Qf3 Qe5 51.b5 Qd6 52.Qc6 Qd3 53.Qf3 Qd6 54.b6 g5 55.Qc3 Qd5+ 56.f3 Qxa2+
57.Kf1 Kg3 58.Qe1+ Kxh3 59.Qf2 Qb1+ 60.Ke2 Qc2+ 61.Ke1 Qc1+ 62.Ke2 Qc2+ 63.Ke1 Qc1+
64.Ke2 Qc2+  1/2-1/2

[Event "12th Open"]
[Site "Zadar CRO"]
[Date "2005.12.13"]
[Round "2"]
[White "Skoberne,J"]
[Black "Petkov,V"]
[Result "0-1"]
[WhiteElo "2308"]
[BlackElo "2529"]

1.e4 c5 2.c3 Nf6 3.e5 Nd5 4.d4 cxd4 5.Nf3 d6 6.cxd4 e6 7.Bc4 Nb6 8.Bd3 Bd7
9.O-O Bc6 10.Nc3 N8d7 11.Ng5 Be7 12.Nxe6 fxe6 13.Qh5+ Kf8 14.f4 Kg8 15.f5 Qe8
16.Qe2 dxe5 17.dxe5 h5 18.Bf4 Nd5 19.Bc4 N7b6 20.Bb3 Bc5+ 21.Kh1 Nxc3 22.bxc3 Bd5
23.f6 Qg6 24.Rad1 Qg4 25.Qc2 Rf8 26.Rxd5 Nxd5 27.h3 Nxf4 28.Rxf4 Qxf4 29.Bxe6+ Rf7  0-1

[Event "5th Amplico AIG Life"]
[Site "Warsaw POL"]
[Date "2005.12.17"]
[Round "1"]
[White "Flazinski,J"]
[Black "Gyimesi,Z"]
[Result "0-1"]
[WhiteElo "2029"]
[BlackElo "2624"]

1.e4 c5 2.c3 Nf6 3.e5 Nd5 4.d4 cxd4 5.cxd4 d6 6.Nf3 Nc6 7.Bc4 Nb6 8.Bb3 dxe5
9.O-O exd4 10.Ng5 e6 11.Qf3 Qf6 12.Qg3 Qg6 13.Re1 Be7 14.h4 h6 15.h5 Qxh5
16.Nxe6 Bxe6 17.Bxe6 fxe6 18.Qxg7 O-O-O 19.Qg3 Bd6 20.Qb3 Qh2+ 21.Kf1 Qh1+
22.Ke2 d3+ 23.Kd1 Qxg2 24.Be3 Qg4+ 25.Kc1 Nc4 26.Nd2 Nxd2 27.Bxd2 Kb8 28.Rxe6 Nd4
29.Qd5 Rc8+ 30.Bc3 Bf4+ 31.Re3 Qg1+ 32.Kd2 Qxf2+  0-1

[Event "5th Amplico AIG Life"]
[Site "Warsaw POL"]
[Date "2005.12.17"]
[Round "4"]
[White "Maciejewski,A"]
[Black "Sveshnikov,E"]
[Result "1/2-1/2"]
[WhiteElo "2358"]
[BlackElo "2507"]

1.e4 c5 2.c3 Nf6 3.e5 Nd5 4.d4 cxd4 5.Nf3 Nc6 6.cxd4 d6 7.Bc4 Nb6 8.Bb5 dxe5
9.Nxe5 Bd7 10.Bxc6 Bxc6 11.Nxc6 bxc6 12.O-O g6 13.Re1 Bg7 14.Bg5 O-O 15.Bxe7 Qxd4
16.Nc3 Qxd1 17.Raxd1 Rfe8 18.Bc5 Rxe1+ 19.Rxe1 Nc4 20.Na4 Nxb2 21.Nxb2 Bxb2
22.Re7 a5 23.Rc7 Re8 24.g4 Re4 25.h3 Bd4 26.Rc8+ Kg7 27.Bf8+ Kf6 28.Rxc6+ Kg5
29.Bc5 f5 30.gxf5 gxf5 31.Bxd4 Rxd4 32.Rc3 h5 33.Kg2 Kf4 34.Ra3 a4 35.Re3 h4
36.Re8 Rd2 37.Rh8 Kg5 38.Rg8+ Kf6 39.Rh8 Rd4 40.Re8 Re4 41.Rf8+ Ke5 42.Kf3 Rc4
43.Re8+ Kf6 44.Re3 Kg5 45.Rd3 Rf4+ 46.Kg2 Kf6 47.Re3 Re4 48.Rc3 Ke5 49.Rc5+ Kf4
50.Rc3 Rd4 51.Re3 Rc4 52.Re8 Rc2 53.Rh8 Kg5 54.Rg8+ Kf6 55.Rh8 Rc4 56.Re8 Re4
57.Rd8 Ke5 58.Kf3 Rf4+ 59.Ke3 Re4+ 60.Kf3 Rc4 61.Rh8 Rc3+ 62.Kg2 Rc2 63.Rxh4 Rxa2
64.Rh6 a3 65.Ra6 Kf4 66.Ra4+ Kg5 67.Kg3 Ra1 68.Kf3 a2 69.Ra6 Kh4 70.Ra8 Kg5
71.Ra6 Kh4 72.Ra8 Kg5 73.Ra6 Kh4  1/2-1/2

[Event "12th Open"]
[Site "Zadar CRO"]
[Date "2005.12.17"]
[Round "8"]
[White "Skoberne,J"]
[Black "Sebenik,M"]
[Result "1/2-1/2"]
[WhiteElo "2308"]
[BlackElo "2407"]

1.e4 c5 2.c3 Nf6 3.e5 Nd5 4.d4 cxd4 5.Nf3 e6 6.cxd4 d6 7.Bc4 Nb6 8.Bb3 dxe5
9.dxe5 Qxd1+ 10.Kxd1 Nc6  1/2-1/2

[Event "5th Amplico AIG Life Tiebreak"]
[Site "Warsaw POL"]
[Date "2005.12.18"]
[Round "1"]
[White "Deviatkin,A"]
[Black "Zezulkin,J"]
[Result "1-0"]
[WhiteElo "2528"]
[BlackElo "2494"]

1.e4 c5 2.c3 Nf6 3.e5 Nd5 4.d4 e6 5.Nf3 Nc6 6.Qe2 f5 7.g3 Nde7 8.Nbd2 Ng6
9.Nc4 Qc7 10.Nd6+ Qxd6 11.Qb5 Ncxe5 12.Nxe5 Qxe5+  1-0

[Event "5th Amplico AIG Life Places 9-12"]
[Site "Warsaw POL"]
[Date "2005.12.18"]
[Round "3"]
[White "Deviatkin,A"]
[Black "Macieja,B"]
[Result "1/2-1/2"]
[WhiteElo "2528"]
[BlackElo "2592"]

1.e4 c5 2.c3 Nf6 3.e5 Nd5 4.d4 cxd4 5.Qxd4 e6 6.Nf3 Nc6 7.Qe4 d6 8.Bb5 Bd7
9.c4 Nc7 10.Bg5 Qb8 11.exd6 Bxd6 12.Nc3 Nxb5 13.cxb5 Ne5 14.O-O-O Nxf3 15.Qxf3 f6
16.Qd3 fxg5 17.Qxd6 Qxd6 18.Rxd6 Ke7 19.Rhd1 Be8 20.R6d4 Rc8 21.Re1 Bxb5  1/2-1/2

[Event "5th Amplico AIG Life"]
[Site "Warsaw POL"]
[Date "2005.12.18"]
[Round "9"]
[White "Kukawski,M"]
[Black "Moranda,W"]
[Result "0-1"]
[WhiteElo "2182"]
[BlackElo "2451"]

1.e4 c5 2.c3 Nf6 3.e5 Nd5 4.d4 cxd4 5.Nf3 Nc6 6.Bc4 Nb6 7.Bb3 g6 8.cxd4 Bg7
9.d5 Nxe5 10.Nxe5 Bxe5 11.Bh6 d6 12.Nc3 f5 13.h4 Nd7 14.h5 Bf6 15.Qd2 Ne5
16.Rc1 Bd7 17.Bg5 Kf7 18.Bxf6 exf6 19.Ne2 g5 20.Nd4 Rc8 21.Ne6 Rxc1+ 22.Qxc1 f4
23.Bc2 f5 24.h6 Kf6 25.Bb3 Re8 26.Kd2 Bb5 27.Bd1 Bd3  0-1

[Event "14th Donau Open"]
[Site "Aschach AUT"]
[Date "2005.12.27"]
[Round "3"]
[White "Wilke,W"]
[Black "Videki,S"]
[Result "0-1"]
[WhiteElo "2275"]
[BlackElo "2406"]

1.e4 c5 2.c3 Nf6 3.e5 Nd5 4.d4 cxd4 5.Nf3 Nc6 6.Bc4 Nb6 7.Bb3 d5 8.exd6 Qxd6
9.O-O Be6 10.Na3 dxc3 11.Nb5 Qxd1 12.Rxd1 Rc8 13.bxc3 Bxb3 14.axb3 a6 15.Be3 Nd7
16.Nbd4 Nde5 17.Ra4 Nxf3+ 18.gxf3 Nb8 19.Ne2 e6 20.Bf4 Nd7 21.Rad4 Nb6 22.c4 Be7
23.R4d3 O-O 24.Be3 Na8 25.Rd7 Rfd8 26.Nc3 Rxd7 27.Rxd7 Rc7 28.Rd3 Kf8 29.Bf4 Rc6
30.Ne4 Ke8 31.Nd6+ Bxd6 32.Bxd6 Nb6 33.Bb4 Nd7 34.f4 g6 35.Re3 Kd8 36.Ba3 b5
37.cxb5 axb5 38.Bb4 Nf6 39.f5 Nd5 40.Ba5+ Ke8 41.Re4 gxf5 42.Rh4 Rc1+ 43.Kg2 Rb1
44.Rxh7 Rxb3 45.h4 Kf8 46.Rh8+ Kg7 47.Re8 b4 48.f3 Rb2+ 49.Kg3 b3 50.Be1 Re2
51.Bf2 f4+ 52.Kg2 Ne3+ 53.Kg1 b2  0-1

[Event "Open A"]
[Site "Bethune FRA"]
[Date "2005.12.27"]
[Round "2"]
[White "Franck,B"]
[Black "Petit,R"]
[Result "1-0"]
[WhiteElo "2096"]
[BlackElo "2052"]

1.e4 c5 2.c3 Nf6 3.e5 Nd5 4.d4 cxd4 5.Nf3 Nc6 6.cxd4 d6 7.Bc4 Nb6 8.Bb3 e6
9.O-O dxe5 10.dxe5 Qxd1 11.Rxd1 Be7 12.Nc3 Nd7 13.Nb5 O-O 14.Nc7 Rb8 15.Nxe6 Ndxe5
16.Nxf8 Nxf3+ 17.gxf3 Kxf8 18.Bf4 Ra8 19.Rac1 Bf5 20.Bd5 Rc8 21.Bxc6 bxc6
22.Bd6 Be6 23.b3 a5 24.Kg2 a4 25.Rc3 axb3 26.axb3 Bxd6 27.Rxd6 Ke7 28.Rdxc6 Rxc6
29.Rxc6 Bxb3 30.Kg3 Be6 31.Kf4 Kf6 32.Ke4 g6 33.f4 Kg7 34.Ke5 Ba2 35.Rb6 f5
36.Rb7+ Kh6 37.Kf6 Bc4 38.Rc7 Be2 39.Rc3 Bf1 40.Rg3 Kh5 41.Kg7 h6 42.Rxg6 Be2
43.h3  1-0

[Event "21st Post Open"]
[Site "Duesseldorf GER"]
[Date "2005.12.27"]
[Round "2"]
[White "Haverkamp,K"]
[Black "Orlov,And"]
[Result "0-1"]
[WhiteElo "2046"]
[BlackElo "2433"]

1.e4 c5 2.c3 Nf6 3.e5 Nd5 4.d4 cxd4 5.Nf3 Nc6 6.Bc4 Nb6 7.Bb3 d5 8.exd6 e6
9.Nxd4 Nxd4 10.Qxd4 Qxd6 11.Be3 Bd7 12.Qxd6 Bxd6 13.O-O Bc7 14.Rd1 O-O-O
15.Na3 Bc6 16.Rxd8+ Rxd8 17.Rd1 Rxd1+ 18.Bxd1 a6 19.Bd4 e5 20.Bxb6 Bxb6 21.Bb3 f6
22.Nc4 Bc5 23.Na5 Bd7 24.Bd5 b6 25.Nc4 Kc7 26.Ne3 Kd8 27.a3 b5 28.Kf1 a5
29.Ke2 Ke7 30.Bg8 h6 31.Bh7 Kf7 32.Bd3 g6 33.f3 f5 34.b4 axb4 35.axb4 Be7
36.Nc2 Bf6 37.Na3 e4 38.fxe4 fxe4 39.Bxb5 Bg4+ 40.Ke3 Bxc3 41.Nc4 Kf6 42.Bc6 Be6
43.Nb6 Ke5 44.Bxe4 Bd4+ 45.Kf3 g5 46.g4 Bxb6 47.Bd3 Bd5+ 48.Kg3 Kd4 49.Bf5 Ke3
50.h4 Bc7+ 51.Kh3 Kf2 52.hxg5 hxg5 53.Be4 Bxe4 54.b5 Bg2+  0-1

[Event "Xstrata ch-AUS 2006"]
[Site "Brisbane AUS"]
[Date "2005.12.28"]
[Round "1"]
[White "Smerdon,D"]
[Black "Bird,A"]
[Result "1-0"]
[WhiteElo "2421"]
[BlackElo "2146"]

1.e4 c5 2.c3 Nf6 3.e5 Nd5 4.Nf3 e6 5.Bc4 d6 6.d4 cxd4 7.cxd4 Nc6 8.Qe2 Be7
9.O-O O-O 10.Nc3 Nxc3 11.bxc3 dxe5 12.dxe5 Qa5 13.Rb1 Qxc3 14.Rb5 Na5 15.Bd3 Rd8
16.Rd1 b6 17.Rb1 Bb7 18.Bg5 Qa3 19.Bc1 Qa4 20.Ng5 h6 21.Bh7+ Kh8 22.Bc2 Qe8
23.Rd3 Rxd3 24.Qxd3 g6 25.Qh3 h5 26.g4 Bxg5 27.gxh5 Bxc1 28.hxg6+ Kg7 29.Qh7+ Kf8
30.Rxc1 Rc8 31.Rd1 Bd5 32.Qh8+ Ke7 33.Qf6+ Kd7 34.Ba4+ Rc6 35.Rxd5+ exd5
36.gxf7 Qf8 37.Bxc6+ Nxc6 38.Qd6+  1-0

[Event "14th Donau Open"]
[Site "Aschach AUT"]
[Date "2005.12.29"]
[Round "5"]
[White "Wilke,W"]
[Black "Mazi,L"]
[Result "0-1"]
[WhiteElo "2275"]
[BlackElo "2354"]

1.e4 c5 2.c3 Nf6 3.e5 Nd5 4.d4 cxd4 5.Nf3 d6 6.Qxd4 e6 7.exd6 Qxd6 8.Na3 a6
9.Nc4 Qc7 10.Ne3 Nf6 11.Ng4 Nbd7 12.Bf4 Qc5 13.Nxf6+ Nxf6 14.Be5 Be7 15.Bd3 Bd7
16.Qf4 Bb5 17.Bd4 Qd5 18.Bxb5+ Qxb5 19.Qe5 Qc6 20.O-O O-O 21.Qg5 Rfd8 22.Ne5 Qc7
23.Rad1 Rd5 24.c4 Qxc4 25.b3 Qe2 26.Rd2 Qb5 27.Ba1 Rad8 28.Rxd5 Qxd5 29.h3 h6
30.Qe3 Bc5 31.Qg3 Bd4 32.Bxd4 Qxd4 33.Nf3 Qd6 34.Qh4 Rc8 35.Re1 Rc2 36.Qa4 Qc6
37.Qd4 Nd5 38.a4 Qc5 39.Qh4 Qc3 40.Qd8+ Kh7 41.Qh4 Rc1 42.Qe4+ Kg8 43.Rxc1 Qxc1+
44.Kh2 Qf4+ 45.Qxf4 Nxf4 46.g3 Nd3 47.Kg2 Kf8 48.Nd2 Ke7 49.Kf3 Kd6 50.Ke3 Nc5
51.Kd4 e5+ 52.Kc4 b6 53.h4 Kc6 54.f3 Nb7 55.Kc3 Nd6 56.b4 Kd5 57.Kd3 f5 58.g4 fxg4
59.fxg4 e4+ 60.Kc3 e3 61.Nb3 Ke4 62.g5 h5 63.Nd4 b5 64.a5 Nf5 65.Ne6 Kf3  0-1